| 000 | 00482nam a22001697a 4500 | ||
|---|---|---|---|
| 999 |
_c523726 _d523726 |
||
| 003 | NUST | ||
| 038 | _awaseem | ||
| 082 |
_a016.89143 _bDUR |
||
| 100 |
_aDurrani, Saeeda _914446 |
||
| 245 |
_akitabiyat Pakistani Adab 2005 / _cSaeeda Durrani |
||
| 260 |
_aIslamabad : _bAcademy Adabiyat, _c2006. |
||
| 300 | _a330 p. ; | ||
| 500 | _aPaperback. | ||
| 880 |
_6100-02\r _aسعیدہ درانی |
||
| 880 |
_6245-02\r _aکتابیات پاکستانی ادب 2005 / |
||
| 942 |
_2ddc _cBK |
||